El resurgimiento global de la democracia /

-д хадгалсан:
Номзүйн дэлгэрэнгүй
Үндсэн зохиолч: Diamond, Larry (comp.)
Бусад зохиолчид: Plattner, Marc F. (compilación) (compilación)
Формат: Ном
Хэл сонгох:испани
Хэвлэсэн: México : UNAM, Instituto de Investigaciones Sociales, 1996, c1996
Нөхцлүүд:
Шошгууд: Шошго нэмэх
Шошго байхгүй, Энэхүү баримтыг шошголох эхний хүн болох!

MARC

LEADER 00000nam^a2200000^a^4500
001 000163939
005 20250521000000.0
009 20260310100925.503
020 |a 968-36-4990-4 
037 |a Acervo ITESO - Biblioteca 
041 |a ESP 
082 |a 320. 01  |b DIA 
100 |a Diamond, Larry  |e (comp.) 
245 1 3 |a El resurgimiento global de la democracia /  |c Comp. de L. Diamond, M.F. Plattner ; tr. por Isabel Vericat. 
264 4 |a México :  |b UNAM, Instituto de Investigaciones Sociales,  |c 1996, c1996 
300 |a 341 p. 
336 |a texto  |b txt  |2 rdacontenido 
337 |a sin mediación  |b n  |2 rdamedio 
338 |a volumen  |b nc  |2 rdasoporte 
649 |a XX 
650 |a Democracia -  |x Teoría 
650 |a Democracia -  |x Filosofía 
650 |a Presidencialismo 
650 |a Parlamentarismo 
650 |a Sistema Político 
650 |a Representación Política 
650 |a Elecciones 
650 |a Corrupción 
650 |a Cultura Política 
650 |a Centralización y Descentralización 
650 |a Gobernabilidad 
650 |a Nuevo Orden Mundial 
650 |a Política Comparada 
650 |a Política 
700 |a Plattner, Marc F.  |e (compilación) 
910 |a Fondo General 
920 |a Impresos - Libros 
930 |a Colección General 
905 |a 101 
901 |a 0500098691  |b IT1  |c ACC  |u 20250521 
902 |a https://opac.biblio.iteso.mx/vufind/Record/000163939